| 000 | 00956 a2200265 4500 | ||
|---|---|---|---|
| 001 | 57770 | ||
| 005 | 20260407155837.0 | ||
| 008 | 260407a2007 arg spa d | ||
| 003 | AR-UNSa-BCEJYS | ||
| 040 |
_aAR-UNSa-BCEJYS _bspa _cAR-UNSa-BCEJYS |
||
| 080 |
_a364.2 _xProblemas específicos que influyen en el bienestar social. diversos problemas requieren distintas formas de ayuda |
||
| 245 | 1 | 0 | _aLa atención a las personas dependientes en Argentina |
| 020 | _a978-987-23497-8-3 | ||
| 264 | 1 |
_aCórdoba : _bAsociación Cooperadora de la Facultad de Ciencias Económicas de la Universidad Nacional de Córdoba. _c2007 |
|
| 300 |
_a168 p. _c26 cm. |
||
| 041 | _aspa | ||
| 942 | _cBK | ||
| 590 | _aniveau_biblio:m niveau_hierar:0 | ||
| 100 | 1 | _aAlbarrán Lozano, Irene | |
| 700 | 1 | _aGonzález, Pablo Alonso | |
| 700 | 1 | _aGiuliodori, Roberto F. | |
| 700 | 1 | _aVega, Ana Karl de | |
| 700 | 1 | _aAndonián, Olga | |
| 700 | 1 | _aGiuliodori, María Andrea | |
| 999 |
_c6282 _d6282 |
||